| 000 | 00387nam a22001577a 4500 | ||
|---|---|---|---|
| 999 |
_c7962 _d7960 |
||
| 005 | 20220215152453.0 | ||
| 008 | 220215b ||||| |||| 00| 0 eng d | ||
| 020 | _a9789331323101 | ||
| 041 | _aeng | ||
| 082 | _a954.092 | ||
| 100 |
_aSRIVASTAVA , DR KAMAL S _97145 |
||
| 245 | _aLOKMANYA TILAK | ||
| 260 |
_aNEW DELHI _bA.P.H PUBLICATION _c2019 |
||
| 650 |
_aPHARMACY _97151 |
||
| 942 | _cBK | ||